|
|
|
|
| LEADER |
00000nam0a2200000 4500 |
| 001 |
200458 |
| 005 |
20231031184711.0 |
| 010 |
|
|
|a 5288005370
|
| 035 |
|
|
|a (RuTPU)RU\TPU\book\218531
|
| 090 |
|
|
|a 200458
|
| 100 |
|
|
|a 20110908d1990 km y0rusy50 ca
|
| 101 |
0 |
|
|a rus
|
| 102 |
|
|
|a RU
|
| 105 |
|
|
|a y z 001zy
|
| 200 |
1 |
|
|a Естественнонаучное и социогуманитарное знание: методологические аспекты взаимодействия
|e межвузовский сборник
|f Ленинградский государственный университет (ЛГУ), Институт повышения квалификации преподавателей общественных наук ; под ред. А. С. Мамзина
|
| 210 |
|
|
|a Ленинград
|c Изд-во Ленинградского ун-та
|d 1990
|
| 215 |
|
|
|a 201 с.
|
| 320 |
|
|
|a Библиография в конце статей
|
| 610 |
1 |
|
|a философия
|
| 610 |
1 |
|
|a познание
|
| 610 |
1 |
|
|a научное знание
|
| 610 |
1 |
|
|a естественнонаучное познание
|
| 610 |
1 |
|
|a социогуманитарные знания
|
| 610 |
1 |
|
|a взаимодействие
|
| 610 |
1 |
|
|a методология
|
| 686 |
|
|
|a Ю252
|v LBC/SL-A
|2 rubbk
|
| 702 |
|
1 |
|a Мамзин
|b А. С.
|4 340
|
| 712 |
0 |
2 |
|a Ленинградский государственный университет (ЛГУ)
|b Институт повышения квалификации преподавателей общественных наук
|c (1924-1991)
|2 stltpush
|3 (RuTPU)RU\TPU\col\77
|
| 801 |
|
1 |
|a RU
|b 63413507
|c 20110908
|
| 801 |
|
2 |
|a RU
|b 63413507
|c 20110916
|g RCR
|
| 942 |
|
|
|c BK
|